00374nam a2200157Ia 4500008004100000041000800041082001400049100002800063245002200091250000800113260002300121300001400144542001500158551002100173650002200194220531s9999 xx 000 0 und d aeng bCOM / BHA aBharambe, M. And Others aComputer Graphics a1ST aPunebNiralic2015 a8.20, M.6 d22-11-2016 aComputer Science aComputer Graphics